Problems of protection : (Record no. 588)

MARC details
000 -LEADER
fixed length control field 01435cam a22003494a 4500
001 - CONTROL NUMBER
control field 12991445
003 - CONTROL NUMBER IDENTIFIER
control field OSt
005 - DATE AND TIME OF LATEST TRANSACTION
control field 20141023152835.0
008 - FIXED-LENGTH DATA ELEMENTS--GENERAL INFORMATION
fixed length control field 021104s2003 nyu b 001 0 eng
010 ## - LIBRARY OF CONGRESS CONTROL NUMBER
LC control number 2002036929
020 ## - INTERNATIONAL STANDARD BOOK NUMBER
International Standard Book Number 0415945739
020 ## - INTERNATIONAL STANDARD BOOK NUMBER
International Standard Book Number 0415945747 (pbk.)
040 ## - CATALOGING SOURCE
Original cataloging agency DLC
Transcribing agency DLC
Modifying agency DLC
042 ## - AUTHENTICATION CODE
Authentication code pcc
050 00 - LIBRARY OF CONGRESS CALL NUMBER
Classification number HV640.3
Item number .P76 2003
082 00 - DEWEY DECIMAL CLASSIFICATION NUMBER
Classification number 305.906914
Edition number 21
Item number PRO 2003
245 00 - TITLE STATEMENT
Title Problems of protection :
Remainder of title the UNHCR, refugees, and human rights /
Statement of responsibility, etc. edited by Niklaus Steiner, Mark Gibney, and Gil Loescher.
260 ## - PUBLICATION, DISTRIBUTION, ETC. (IMPRINT)
Place of publication, distribution, etc. New York :
Name of publisher, distributor, etc. Routledge,
Date of publication, distribution, etc. 2003.
300 ## - PHYSICAL DESCRIPTION
Extent ix, 350 p. ;
Dimensions 24 cm.
504 ## - BIBLIOGRAPHY, ETC. NOTE
Bibliography, etc Includes bibliographical references and index.
610 20 - SUBJECT ADDED ENTRY--CORPORATE NAME
Corporate name or jurisdiction name as entry element Office of the United Nations High Commissioner for Refugees.
9 (RLIN) 1511
650 #0 - SUBJECT ADDED ENTRY--TOPICAL TERM
Topical term or geographic name as entry element Refugees
General subdivision Government policy.
9 (RLIN) 1512
700 1# - ADDED ENTRY--PERSONAL NAME
Personal name Steiner, Niklaus.
9 (RLIN) 1513
700 1# - ADDED ENTRY--PERSONAL NAME
Personal name Gibney, Mark.
9 (RLIN) 1514
700 1# - ADDED ENTRY--PERSONAL NAME
Personal name Loescher, Gil.
9 (RLIN) 1515
856 41 - ELECTRONIC LOCATION AND ACCESS
Materials specified Table of contents only
Uniform Resource Identifier http://www.loc.gov/catdir/toc/fy037/2002036929.html
856 42 - ELECTRONIC LOCATION AND ACCESS
Materials specified Publisher description
Uniform Resource Identifier http://www.loc.gov/catdir/enhancements/fy0651/2002036929-d.html
856 42 - ELECTRONIC LOCATION AND ACCESS
Materials specified Contributor biographical information
Uniform Resource Identifier http://www.loc.gov/catdir/enhancements/fy1101/2002036929-b.html
906 ## - LOCAL DATA ELEMENT F, LDF (RLIN)
a 7
b cbc
c orignew
d 1
e ocip
f 20
g y-gencatlg
942 ## - ADDED ENTRY ELEMENTS (KOHA)
Source of classification or shelving scheme Dewey Decimal Classification
Koha item type Short Loan
Holdings
Withdrawn status Lost status Source of classification or shelving scheme Damaged status Not for loan Home library Current library Date acquired Inventory number Total Checkouts Full call number Barcode Date last seen Price effective from Koha item type
    Dewey Decimal Classification     MUST Main Library MUST Main Library 23/10/2014 2006/27829   305.906914 PRO 2003 2014-3119 23/10/2014 23/10/2014 Short Loan
    Dewey Decimal Classification     MUST Main Library MUST Main Library 08/04/2016 2006/27827   305.906914 PRO 2003 2016-0685 08/04/2016 08/04/2016 Short Loan
    Dewey Decimal Classification     MUST Main Library MUST Main Library 12/04/2016 2006/27828   305.906914 PRO 2003 2016-0739 12/04/2016 12/04/2016 Short Loan